=LDR 00000nam 2200000 4500 =001 INLIS00000000000064 =005 20260702043538 =020 ##$$a 978-979-3862-91-0 =082 ##$$a 649.680 =100 1#$$a Handayani, Eka Putri =245 1 $$a Menjadi Guru Untuk Anak Sendiri /$c Eka Putri Handayani =300 ##$$a 56 hlm ; 14,5 x 21 cm